Rural sociology and social work / (Record no. 88837)

MARC details
000 -LEADER
fixed length control field 00632nam a22001937a 4500
005 - DATE AND TIME OF LATEST TRANSACTION
control field 20140925115602.0
010 ## - LCCN (DPL NO)
LC control number ENG-110916
020 ## - INTERNATIONAL STANDARD BOOK NUMBER
International Standard Book Number 9788192958248
Terms of availability 625.00
035 ## - SYSTEM CONTROL NUMBER
System control number EN-94448
037 ## - SOURCE OF ACQUISITION
Source of stock number/acquisition DBAD/PUB
082 ## - DEWEY DECIMAL CLASSIFICATION NUMBER
Classification number 307.72
100 ## - MAIN ENTRY--PERSONAL NAME
Personal name Vijay Kumar 'Piyush'
245 ## - TITLE STATEMENT
Title Rural sociology and social work /
Statement of responsibility, etc by Vijay Kumar 'Piyush'
260 ## - PUBLICATION, DISTRIBUTION, ETC. (IMPRINT)
Place of publication, distribution, etc New Delhi
Name of publisher, distributor, etc Gyan Geeta Prakashan
Date of publication, distribution, etc 2014
270 ## - ADDRESS
Address F-7, Gali no. 1, Panchsheel Garden Ext. Naveen Shahdara
City New Delhi
Postal code 110032
300 ## - PHYSICAL DESCRIPTION
Extent 320p.
Dimensions 23cm(Hb)
500 ## - GENERAL NOTE
General note Includes bibliographical references and index
942 ## - ADDED ENTRY ELEMENTS (KOHA)
Source of classification or shelving scheme Dewey Decimal Classification
Item type English Books
Call number suffix VIJ
Classification part 307.72
Holdings
Withdrawn status Lost status Not for loan Collection code Home library Current library Date acquired Source of acquisition Cost, normal purchase price Full call number Barcode Copy number Cost, replacement price Koha item type
      Non-fiction Shahdara Branch Shahdara Branch 19/09/2014 DBAD/PUB 625.00 307.72 VIJ EN-94448 1 625.00 English Books

© Delhi Public Library
Hit Counter
free hit counter